Les Comores pour les touristes... - Statistiques

Statistiques générales
  • Ce quiz a été pris 106 fois
    55 depuis la dernière actualisation
  • Le résultat moyen est 10 sur 20
Statistiques - réponses
Question Indice Réponses % Correct
Code sur les plaques minéralogiques COM
98%
Quelles sont les langues officielles ? Arabe
94%
Quelles sont les langues officielles ? Comorien
90%
Quelles sont les langues officielles ? Français
90%
Quel pays a accordé son indépendance à celui-ci ? France
82%
La religion majoritaire est Islam
82%
Ce pays est plus grand que la France (oui/non) Non
80%
Dans la capitale quel est le décalage horaire avec Paris ? (+ ou - et chiffre) ex - 10 + 1
65%
Quels est le climat local ? T Tropical
65%
Quelle est la monnaie ? Franc comorien
57%
Quelles sont les principaux lieux touristiques ? K Mont {Karthala}
49%
Quel est le régime du pays ? République
37%
Le suffixe internet est km
22%
Le principal aéroport est M Hahaya
18%
Quelles sont les principaux lieux touristiques ? N Musée {national}
14%
Quelles sont les principaux lieux touristiques ? B Plage de {Bouni}
10%
Achats à faire 3/ Bonnets appelés Cofiats
4%
Achats à faire 4/ Poterie de Foumbouni
2%
Achats à faire 1/ Jeu de Mraha
2%
Achats à faire 2/ Pour jouer ou décorer Poupée
2%
Aucun quiz correspondant
Distribution des résultats
% des personnes avec chaque résultat
Percentile par nombre de réponses
Votre historique - résultats
Vous n’avez pas pris ce quiz depuis la dernière actualisation